全球頂尖領袖親授的17堂課 : (Record no. 6844)

MARC details
000 -記錄標示(系統產生)
fixed length control field 01022cam a2200289 i 4500
020 ## - ISBN
ISBN 9789573282761
價格 NT$350
100 1# - 主要款目
第一作者姓名 朱楚文,
245 10 - 書籍基本資料
書名 全球頂尖領袖親授的17堂課 :
副標題 站在17位巨人肩上看見世界轉動趨勢 = 17 classes on global trends from world's top leaders /
作者名稱 朱楚文著
250 ## - 書籍版本資料
書籍版本 初版
300 ## - 外觀規格(長、寬、高)
數量(面數, 冊數或其他) 285面 :
插圖及其他 圖 ;
高廣尺寸 21公分
490 1# - 套書系列資料
套書名稱 Beyond ;
冊次號 10.
942 ## - 其他項目(KOHA)
分類法來源 中文圖書分類法
館藏類型設定 一般圖書
Holdings
撤銷狀態 遺失狀態 分類號來源 損壞狀態 不外借 永久館藏地 現在館藏地 採購日期 所有借閱數 Total Renewals 完整索書號 條碼號 最後一次日期記錄 最後借出日期 一般價格有效日期 Koha館藏類型 公開資訊
未註銷館藏 未遺失 中文圖書分類法 未損毀 可外借 怡仁綜合醫院圖書館 怡仁綜合醫院圖書館 2018-06-27 4 2 494.35 C02422 2023-02-20 2023-02-09 2018-06-27 一般圖書   面對AI人工智慧、大數據浪潮、資訊零碎化來襲,   一方面,斜槓青年、零工經濟新工作型態崛起……   世界正快速改變,我們是站在交會點的世代。   我們的未來會變得怎麼樣?   別怕!   這是最混亂的時代,也是最好的時代。   世界越紛亂,看懂這個時代運作的收穫就越豐碩!
怡仁醫院| 地址:32643桃園市楊梅區楊新北路321巷30號 | 服務專線:03-4855566 | 電子郵件信箱:
Copyright © 1996 CHC Hospital